[Event "European Women's Chess Club Cup 2023"]
[Site "Durres, Albania"]
[Date "2023.10.02"]
[Round "2.19"]
[White "Demeter, Dorina"]
[Black "Daulyte-Cornette, Deimante"]
[Result "1/2-1/2"]
[TimeControl "90' + 30' & 30\""]
[WhiteElo "2115"]
[BlackElo "2360"]

1. Nf3 {[%clk 01:30:52]} {[%emt 00:00:07]} Nf6 {[%clk 01:30:48]} {[%emt
00:00:12]} 2. c4 {[%clk 01:30:50]} {[%emt 00:00:32]} e6 {[%clk 01:31:06]}
{[%emt 00:00:12]} 3. b3 {[%clk 01:27:28]} {[%emt 00:03:53]} d5 {[%clk
01:30:25]} {[%emt 00:01:11]} 4. Bb2 {[%clk 01:27:47]} {[%emt 00:00:11]} c5
{[%clk 01:30:01]} {[%emt 00:00:54]} 5. e3 {[%clk 01:28:08]} {[%emt 00:00:09]}
Nc6 {[%clk 01:29:54]} {[%emt 00:00:37]} 6. cxd5 {[%clk 01:26:52]} {[%emt
00:01:46]} exd5 {[%clk 01:29:54]} {[%emt 00:00:30]} 7. Bb5 {[%clk 01:26:18]}
{[%emt 00:01:03]} Bd6 {[%clk 01:29:04]} {[%emt 00:01:18]} 8. O-O {[%clk
01:22:12]} {[%emt 00:04:38]} O-O {[%clk 01:27:08]} {[%emt 00:02:27]} 9. d4
{[%clk 01:20:37]} {[%emt 00:02:04]} cxd4 {[%clk 01:23:23]} {[%emt 00:04:15]} 10.
Nxd4 {[%clk 01:07:06]} {[%emt 00:14:01]} Bg4 {[%clk 01:19:26]} {[%emt
00:04:28]} 11. Be2 {[%clk 01:02:53]} {[%emt 00:04:43]} Bxe2 {[%clk 01:13:59]}
{[%emt 00:05:58]} 12. Qxe2 {[%clk 01:02:58]} {[%emt 00:00:24]} Re8 {[%clk
01:10:49]} {[%emt 00:03:39]} 13. Nd2 {[%clk 00:55:37]} {[%emt 00:07:51]} Nxd4
{[%clk 00:57:05]} {[%emt 00:14:15]} 14. Bxd4 {[%clk 00:55:59]} {[%emt
00:00:08]} Be5 {[%clk 00:57:27]} {[%emt 00:00:08]} 15. Nf3 {[%clk 00:50:42]}
{[%emt 00:05:46]} Bxd4 {[%clk 00:57:39]} {[%emt 00:00:19]} 16. Nxd4 {[%clk
00:51:07]} {[%emt 00:00:04]} Rc8 {[%clk 00:56:34]} {[%emt 00:01:35]} 17. Rac1
{[%clk 00:47:20]} {[%emt 00:04:18]} a6 {[%clk 00:54:04]} {[%emt 00:03:00]} 18.
Rc2 {[%clk 00:41:33]} {[%emt 00:06:17]} Qd7 {[%clk 00:40:37]} {[%emt 00:13:57]}
19. Rfc1 {[%clk 00:40:40]} {[%emt 00:01:22]} g6 {[%clk 00:38:39]} {[%emt
00:02:29]} 20. a4 {[%clk 00:33:55]} {[%emt 00:07:15]} Ne4 {[%clk 00:36:31]}
{[%emt 00:02:37]} 21. h3 {[%clk 00:21:49]} {[%emt 00:12:37]} h5 {[%clk
00:35:51]} {[%emt 00:01:09]} 22. Rxc8 {[%clk 00:19:32]} {[%emt 00:02:48]} Rxc8
{[%clk 00:36:15]} {[%emt 00:00:05]} 23. Qb2 {[%clk 00:16:27]} {[%emt 00:03:35]}
Rc7 {[%clk 00:32:37]} {[%emt 00:04:08]} 24. Rc2 {[%clk 00:13:55]} {[%emt
00:03:03]} Qd6 {[%clk 00:31:26]} {[%emt 00:01:41]} 25. Qc1 {[%clk 00:13:25]}
{[%emt 00:01:00]} Rxc2 {[%clk 00:31:22]} {[%emt 00:00:34]} 26. Qxc2 {[%clk
00:13:51]} {[%emt 00:00:04]} Qb4 {[%clk 00:31:19]} {[%emt 00:00:33]} 27. Kf1
{[%clk 00:10:44]} {[%emt 00:03:37]} Qa3 {[%clk 00:26:53]} {[%emt 00:04:56]} 28.
g3 {[%clk 00:07:58]} {[%emt 00:03:16]} Kg7 {[%clk 00:15:47]} {[%emt 00:11:35]}
29. Qc7 {[%clk 00:03:50]} {[%emt 00:04:38]} Qa1+ {[%clk 00:07:33]} {[%emt
00:08:44]} 30. Kg2 {[%clk 00:04:04]} {[%emt 00:00:17]} Qe1 {[%clk 00:07:14]}
{[%emt 00:00:49]} 31. Qe5+ {[%clk 00:03:33]} {[%emt 00:01:00]} Kh7 {[%clk
00:07:07]} {[%emt 00:00:37]} 32. Qf4 {[%clk 00:03:49]} {[%emt 00:00:14]} Kg8
{[%clk 00:05:24]} {[%emt 00:02:13]} 33. Qb8+ {[%clk 00:04:10]} {[%emt
00:00:10]} Kh7 {[%clk 00:05:20]} {[%emt 00:00:34]} 34. Qf4 {[%clk 00:04:35]}
{[%emt 00:00:05]} Kg8 {[%clk 00:05:01]} {[%emt 00:00:49]} 35. Qb8+ {[%clk
00:04:59]} {[%emt 00:00:06]} Kh7 {[%clk 00:05:13]} {[%emt 00:00:18]} 36. Qf4
{[%clk 00:05:21]} {[%emt 00:00:07]} 1/2-1/2

[Event "European Women's Chess Club Cup 2023"]
[Site "Durres, Albania"]
[Date "2023.10.02"]
[Round "2.20"]
[White "Zhukova, Natalia"]
[Black "Aydin, Gulenay"]
[Result "1/2-1/2"]
[TimeControl "90' + 30' & 30\""]
[WhiteElo "2303"]
[BlackElo "2143"]

1. d4 {[%clk 01:30:55]} {[%emt 00:00:04]} Nf6 {[%clk 01:30:52]} {[%emt
00:00:08]} 2. c4 {[%clk 01:31:15]} {[%emt 00:00:10]} g6 {[%clk 01:31:16]}
{[%emt 00:00:06]} 3. Nc3 {[%clk 01:31:37]} {[%emt 00:00:09]} Bg7 {[%clk
01:31:38]} {[%emt 00:00:08]} 4. e4 {[%clk 01:31:53]} {[%emt 00:00:12]} d6
{[%clk 01:32:02]} {[%emt 00:00:07]} 5. Nf3 {[%clk 01:32:00]} {[%emt 00:00:22]}
Bg4 {[%clk 01:31:22]} {[%emt 00:01:11]} 6. Be2 {[%clk 01:31:53]} {[%emt
00:00:37]} Bxf3 {[%clk 01:31:20]} {[%emt 00:00:32]} 7. Bxf3 {[%clk 01:31:55]}
{[%emt 00:00:28]} e5 {[%clk 01:31:41]} {[%emt 00:00:09]} 8. d5 {[%clk
01:31:28]} {[%emt 00:00:56]} h5 {[%clk 01:31:54]} {[%emt 00:00:18]} 9. Be3
{[%clk 01:26:09]} {[%emt 00:05:49]} Bh6 {[%clk 01:25:25]} {[%emt 00:07:00]} 10.
Bxh6 {[%clk 01:23:41]} {[%emt 00:02:57]} Rxh6 {[%clk 01:25:52]} {[%emt
00:00:03]} 11. Qd2 {[%clk 01:17:11]} {[%emt 00:07:01]} Rh8 {[%clk 01:25:52]}
{[%emt 00:00:30]} 12. Bd1 {[%clk 01:11:06]} {[%emt 00:06:34]} Nbd7 {[%clk
01:23:09]} {[%emt 00:03:13]} 13. Ba4 {[%clk 01:07:05]} {[%emt 00:04:31]} Kf8
{[%clk 01:20:11]} {[%emt 00:03:29]} 14. Bxd7 {[%clk 01:07:08]} {[%emt
00:00:26]} Nxd7 {[%clk 01:19:02]} {[%emt 00:01:39]} 15. O-O-O {[%clk 01:01:53]}
{[%emt 00:05:45]} Kg7 {[%clk 01:16:25]} {[%emt 00:03:07]} 16. g3 {[%clk
00:45:48]} {[%emt 00:16:35]} a6 {[%clk 00:57:36]} {[%emt 00:19:19]} 17. Kb1
{[%clk 00:37:38]} {[%emt 00:08:41]} b5 {[%clk 00:26:42]} {[%emt 00:31:23]} 18.
cxb5 {[%clk 00:36:15]} {[%emt 00:01:53]} axb5 {[%clk 00:26:59]} {[%emt
00:00:13]} 19. Nxb5 {[%clk 00:36:29]} {[%emt 00:00:17]} Qb8 {[%clk 00:27:18]}
{[%emt 00:00:10]} 20. Nc3 {[%clk 00:36:45]} {[%emt 00:00:15]} Qb4 {[%clk
00:26:50]} {[%emt 00:00:57]} 21. f3 {[%clk 00:14:41]} {[%emt 00:22:34]} Rhb8
{[%clk 00:25:02]} {[%emt 00:02:18]} 22. Ne2 {[%clk 00:11:55]} {[%emt 00:03:17]}
Qa4 {[%clk 00:20:21]} {[%emt 00:05:11]} 23. Nc1 {[%clk 00:09:07]} {[%emt
00:03:18]} Qa3 {[%clk 00:09:34]} {[%emt 00:11:16]} 24. Rhf1 {[%clk 00:04:46]}
{[%emt 00:04:51]} Nc5 {[%clk 00:09:36]} {[%emt 00:00:29]} 25. Qc2 {[%clk
00:04:50]} {[%emt 00:00:25]} Ra6 {[%clk 00:05:58]} {[%emt 00:04:08]} 26. Rf2
{[%clk 00:01:17]} {[%emt 00:03:01]} Rab6 {[%clk 00:04:58]} 27. b3 {[%clk
00:01:17]} Nxb3 {[%clk 00:04:58]} 28. Nxb3 {[%clk 00:01:17]} Rxb3+ {[%clk
00:04:58]} 29. axb3 {[%clk 00:01:17]} Rxb3+ {[%clk 00:04:58]} 30. Qxb3 {[%clk
00:01:17]} Qxb3+ {[%clk 00:04:58]} 31. Kc1 {[%clk 00:01:17]} Qc3+ {[%clk
00:04:58]} 32. Kb1 {[%clk 00:01:17]} Qb3+ {[%clk 00:04:58]} 33. Kc1 {[%clk
00:01:17]} Qc3+ {[%clk 00:04:58]} 34. Kb1 {[%clk 00:01:17]} 1/2-1/2

[Event "European Women's Chess Club Cup 2023"]
[Site "Durres, Albania"]
[Date "2023.10.02"]
[Round "2.21"]
[White "Song, Yuxin"]
[Black "Doluhanova, Evgeniya"]
[Result "1-0"]
[TimeControl "90' + 30' & 30\""]
[WhiteElo "2404"]
[BlackElo "2230"]

1. d4 {[%clk 01:30:57]} {[%emt 00:00:03]} Nf6 {[%clk 01:30:55]} {[%emt
00:00:05]} 2. c4 {[%clk 01:31:21]} {[%emt 00:00:06]} e6 {[%clk 01:31:23]}
{[%emt 00:00:03]} 3. g3 {[%clk 01:31:42]} {[%emt 00:00:08]} d5 {[%clk
01:31:47]} {[%emt 00:00:06]} 4. Bg2 {[%clk 01:32:06]} {[%emt 00:00:05]} Bb4+
{[%clk 01:32:10]} {[%emt 00:00:08]} 5. Nd2 {[%clk 01:32:28]} {[%emt 00:00:07]}
O-O {[%clk 01:30:33]} {[%emt 00:02:08]} 6. Ngf3 {[%clk 01:32:53]} {[%emt
00:00:05]} c5 {[%clk 01:29:28]} {[%emt 00:01:34]} 7. a3 {[%clk 01:33:14]}
{[%emt 00:00:09]} Bxd2+ {[%clk 01:28:23]} {[%emt 00:01:36]} 8. Qxd2 {[%clk
01:33:36]} {[%emt 00:00:07]} dxc4 {[%clk 01:22:59]} {[%emt 00:05:55]} 9. dxc5
{[%clk 01:34:00]} {[%emt 00:00:06]} Na6 {[%clk 01:19:51]} {[%emt 00:03:38]} 10.
c6 {[%clk 01:34:23]} {[%emt 00:00:07]} Nd5 {[%clk 01:12:08]} {[%emt 00:08:12]}
11. O-O {[%clk 01:26:24]} {[%emt 00:08:29]} Qc7 {[%clk 01:06:21]} {[%emt
00:06:18]} 12. Qc2 {[%clk 01:14:29]} {[%emt 00:12:24]} f6 {[%clk 00:35:42]}
{[%emt 00:31:09]} 13. Nd4 {[%clk 01:10:15]} {[%emt 00:04:44]} b5 {[%clk
00:23:00]} {[%emt 00:13:13]} 14. Rd1 {[%clk 01:00:24]} {[%emt 00:10:20]} Qb6
{[%clk 00:19:52]} {[%emt 00:03:39]} 15. Be4 {[%clk 00:56:02]} {[%emt 00:04:51]}
h6 {[%clk 00:15:55]} {[%emt 00:04:27]} 16. Bxh6 {[%clk 00:51:46]} {[%emt
00:04:46]} gxh6 {[%clk 00:14:45]} {[%emt 00:01:40]} 17. Bxd5 {[%clk 00:48:45]}
{[%emt 00:03:31]} exd5 {[%clk 00:14:41]} {[%emt 00:00:35]} 18. Qg6+ {[%clk
00:49:10]} {[%emt 00:00:04]} Kh8 {[%clk 00:15:07]} {[%emt 00:00:04]} 19. Qxh6+
{[%clk 00:49:35]} {[%emt 00:00:06]} Kg8 {[%clk 00:15:34]} {[%emt 00:00:02]} 20.
Qg6+ {[%clk 00:49:57]} {[%emt 00:00:08]} Kh8 {[%clk 00:16:00]} {[%emt
00:00:04]} 21. Nxb5 {[%clk 00:50:00]} {[%emt 00:00:27]} Nc5 {[%clk 00:09:28]}
{[%emt 00:07:02]} 22. Rxd5 {[%clk 00:48:19]} {[%emt 00:02:11]} f5 {[%clk
00:09:40]} {[%emt 00:00:18]} 23. Nd6 {[%clk 00:44:26]} {[%emt 00:04:23]} Be6
{[%clk 00:07:12]} {[%emt 00:02:58]} 24. Rxc5 {[%clk 00:44:49]} {[%emt
00:00:08]} Qxc5 {[%clk 00:06:33]} {[%emt 00:01:09]} 25. Qh6+ {[%clk 00:45:14]}
{[%emt 00:00:05]} Kg8 {[%clk 00:06:57]} {[%emt 00:00:06]} 26. Qxe6+ {[%clk
00:45:39]} {[%emt 00:00:05]} Kg7 {[%clk 00:06:49]} {[%emt 00:00:38]} 27. Rd1
{[%clk 00:45:07]} {[%emt 00:01:01]} Rf6 {[%clk 00:06:49]} {[%emt 00:00:31]} 28.
Ne8+ {[%clk 00:45:27]} {[%emt 00:00:10]} 1-0

[Event "European Women's Chess Club Cup 2023"]
[Site "Durres, Albania"]
[Date "2023.10.02"]
[Round "2.22"]
[White "Martynkova, Olena"]
[Black "Buksa, Nataliya"]
[Result "0-1"]
[TimeControl "90' + 30' & 30\""]
[WhiteElo "2229"]
[BlackElo "2361"]

1. d4 {[%clk 01:30:56]} {[%emt 00:00:03]} Nf6 {[%clk 01:30:48]} {[%emt
00:00:13]} 2. Nf3 {[%clk 01:31:06]} {[%emt 00:00:20]} d5 {[%clk 01:31:08]}
{[%emt 00:00:10]} 3. Bf4 {[%clk 01:29:41]} {[%emt 00:01:55]} e6 {[%clk
01:30:08]} {[%emt 00:01:29]} 4. e3 {[%clk 01:28:13]} {[%emt 00:01:58]} c5
{[%clk 01:30:32]} {[%emt 00:00:06]} 5. Nbd2 {[%clk 01:24:56]} {[%emt 00:03:48]}
Nc6 {[%clk 01:30:57]} {[%emt 00:00:05]} 6. c3 {[%clk 01:24:16]} {[%emt
00:01:09]} cxd4 {[%clk 01:30:49]} {[%emt 00:00:38]} 7. exd4 {[%clk 01:23:21]}
{[%emt 00:01:25]} Nh5 {[%clk 01:31:14]} {[%emt 00:00:05]} 8. Be3 {[%clk
01:17:22]} {[%emt 00:06:29]} Bd6 {[%clk 01:31:06]} {[%emt 00:00:39]} 9. Ne5
{[%clk 01:05:23]} {[%emt 00:12:28]} g6 {[%clk 01:31:21]} {[%emt 00:00:15]} 10.
Be2 {[%clk 00:59:55]} {[%emt 00:05:58]} Ng7 {[%clk 01:26:32]} {[%emt 00:05:19]}
11. Ndf3 {[%clk 00:49:43]} {[%emt 00:10:42]} f6 {[%clk 01:22:30]} {[%emt
00:04:32]} 12. Nxc6 {[%clk 00:46:07]} {[%emt 00:04:06]} bxc6 {[%clk 01:22:56]}
{[%emt 00:00:04]} 13. Qc1 {[%clk 00:37:14]} {[%emt 00:09:22]} O-O {[%clk
01:07:42]} {[%emt 00:15:44]} 14. O-O {[%clk 00:33:30]} {[%emt 00:04:15]} e5
{[%clk 01:00:22]} {[%emt 00:07:51]} 15. dxe5 {[%clk 00:30:35]} {[%emt
00:03:25]} fxe5 {[%clk 01:00:49]} {[%emt 00:00:03]} 16. c4 {[%clk 00:29:32]}
{[%emt 00:01:33]} Bb7 {[%clk 00:54:09]} {[%emt 00:07:10]} 17. c5 {[%clk
00:26:16]} {[%emt 00:03:45]} Bc7 {[%clk 00:53:38]} {[%emt 00:01:00]} 18. Bh6
{[%clk 00:21:52]} {[%emt 00:04:55]} Qe7 {[%clk 00:47:17]} {[%emt 00:06:50]} 19.
b4 {[%clk 00:19:49]} {[%emt 00:02:33]} Rae8 {[%clk 00:33:48]} {[%emt 00:14:00]}
20. Qg5 {[%clk 00:16:20]} {[%emt 00:03:59]} Qd7 {[%clk 00:34:13]} {[%emt
00:00:05]} 21. Nd2 {[%clk 00:10:35]} {[%emt 00:06:15]} Rf4 {[%clk 00:32:34]}
{[%emt 00:02:09]} 22. Bxg7 {[%clk 00:08:33]} {[%emt 00:02:32]} Kxg7 {[%clk
00:32:47]} {[%emt 00:00:17]} 23. Qg3 {[%clk 00:03:16]} {[%emt 00:05:47]} Rxb4
{[%clk 00:29:55]} {[%emt 00:03:22]} 24. Rab1 {[%clk 00:02:26]} {[%emt
00:01:20]} Rxb1 {[%clk 00:30:15]} {[%emt 00:00:10]} 25. Rxb1 {[%clk 00:02:53]}
{[%emt 00:00:03]} Bc8 {[%clk 00:30:41]} {[%emt 00:00:04]} 26. Qa3 {[%clk
00:02:45]} {[%emt 00:00:38]} e4 {[%clk 00:30:26]} {[%emt 00:00:45]} 27. g3
{[%clk 00:02:32]} {[%emt 00:00:42]} a5 {[%clk 00:27:47]} {[%emt 00:03:10]} 28.
Nb3 {[%clk 00:01:08]} {[%emt 00:01:54]} Qf7 {[%clk 00:22:11]} {[%emt 00:06:06]}
29. Bf1 {[%clk 00:00:52]} {[%emt 00:00:46]} Qf6 {[%clk 00:13:53]} {[%emt
00:08:49]} 30. Rc1 {[%clk 00:00:35]} {[%emt 00:00:47]} Rf8 {[%clk 00:11:09]}
{[%emt 00:03:13]} 31. Rc2 {[%clk 00:00:59]} {[%emt 00:00:05]} d4 {[%clk
00:11:35]} {[%emt 00:00:06]} 32. Bg2 {[%clk 00:00:58]} {[%emt 00:00:30]} Bf5
{[%clk 00:06:22]} {[%emt 00:05:43]} 33. Rd2 {[%clk 00:00:42]} {[%emt 00:00:47]}
e3 {[%clk 00:04:52]} {[%emt 00:01:59]} 34. Rb2 {[%clk 00:00:38]} {[%emt
00:00:34]} Bd3 {[%clk 00:03:59]} {[%emt 00:01:24]} 35. fxe3 {[%clk 00:00:32]}
{[%emt 00:00:36]} dxe3 {[%clk 00:04:18]} {[%emt 00:00:10]} 36. Nc1 {[%clk
00:00:36]} {[%emt 00:00:26]} e2 {[%clk 00:03:54]} {[%emt 00:00:54]} 37. Nxe2
{[%clk 00:00:39]} {[%emt 00:00:27]} Bxe2 {[%clk 00:04:00]} {[%emt 00:00:24]} 38.
Rxe2 {[%clk 00:00:48]} {[%emt 00:00:21]} Qa1+ {[%clk 00:04:27]} {[%emt
00:00:03]} 0-1

[Event "European Women's Chess Club Cup 2023"]
[Site "Durres, Albania"]
[Date "2023.10.02"]
[Round "2.23"]
[White "Unuk, Laura"]
[Black "Zaksaite, Salomeja"]
[Result "1-0"]
[TimeControl "90' + 30' & 30\""]
[WhiteElo "2313"]
[BlackElo "2217"]

1. d4 {[%clk 01:30:57]} {[%emt 00:00:02]} Nf6 {[%clk 01:30:42]} {[%emt
00:00:17]} 2. c4 {[%clk 01:31:07]} {[%emt 00:00:21]} g6 {[%clk 01:29:48]}
{[%emt 00:01:23]} 3. g3 {[%clk 01:30:31]} {[%emt 00:01:07]} c6 {[%clk
01:29:59]} {[%emt 00:00:18]} 4. Bg2 {[%clk 01:30:43]} {[%emt 00:00:19]} d5
{[%clk 01:30:24]} {[%emt 00:00:04]} 5. Nf3 {[%clk 01:30:42]} {[%emt 00:00:32]}
Bg7 {[%clk 01:30:47]} {[%emt 00:00:06]} 6. O-O {[%clk 01:29:23]} {[%emt
00:01:50]} O-O {[%clk 01:31:10]} {[%emt 00:00:06]} 7. a4 {[%clk 01:29:48]}
{[%emt 00:00:05]} Ne4 {[%clk 01:20:51]} {[%emt 00:10:48]} 8. a5 {[%clk
01:25:19]} {[%emt 00:05:00]} dxc4 {[%clk 01:19:43]} {[%emt 00:01:37]} 9. Bf4
{[%clk 01:00:12]} {[%emt 00:25:38]} Na6 {[%clk 01:14:06]} {[%emt 00:06:08]} 10.
Qc1 {[%clk 00:52:19]} {[%emt 00:08:23]} c5 {[%clk 01:00:10]} {[%emt 00:14:25]}
11. Be5 {[%clk 00:46:49]} {[%emt 00:05:59]} Nd6 {[%clk 00:53:39]} {[%emt
00:07:01]} 12. Bxg7 {[%clk 00:39:04]} {[%emt 00:08:15]} Kxg7 {[%clk 00:54:05]}
{[%emt 00:00:04]} 13. Rd1 {[%clk 00:36:58]} {[%emt 00:02:37]} cxd4 {[%clk
00:52:59]} {[%emt 00:01:36]} 14. Nxd4 {[%clk 00:34:35]} {[%emt 00:02:52]} Bd7
{[%clk 00:46:38]} {[%emt 00:06:52]} 15. Nc3 {[%clk 00:31:39]} {[%emt 00:03:27]}
Rc8 {[%clk 00:46:40]} {[%emt 00:00:27]} 16. Qe3 {[%clk 00:28:34]} {[%emt
00:03:34]} Rc5 {[%clk 00:44:04]} {[%emt 00:03:04]} 17. Nd5 {[%clk 00:23:54]}
{[%emt 00:05:13]} Re8 {[%clk 00:36:44]} {[%emt 00:07:50]} 18. h4 {[%clk
00:18:49]} {[%emt 00:05:35]} e5 {[%clk 00:21:26]} {[%emt 00:15:47]} 19. h5
{[%clk 00:18:00]} {[%emt 00:01:20]} Rxd5 {[%clk 00:20:42]} {[%emt 00:01:14]} 20.
Bxd5 {[%clk 00:17:23]} {[%emt 00:01:07]} Nb4 {[%clk 00:13:29]} {[%emt
00:07:43]} 21. Bg2 {[%clk 00:13:58]} {[%emt 00:03:54]} Qf6 {[%clk 00:13:28]}
{[%emt 00:00:31]} 22. Qf3 {[%clk 00:11:56]} {[%emt 00:02:33]} Qe7 {[%clk
00:03:51]} {[%emt 00:10:07]} 23. Qc3 {[%clk 00:11:08]} {[%emt 00:01:18]} Nb5
{[%clk 00:01:24]} {[%emt 00:02:58]} 24. Nxb5 {[%clk 00:08:23]} {[%emt
00:03:14]} Bxb5 {[%clk 00:01:52]} {[%emt 00:00:03]} 25. Rd2 {[%clk 00:07:47]}
{[%emt 00:01:05]} gxh5 {[%clk 00:02:10]} {[%emt 00:00:12]} 26. Rad1 {[%clk
00:07:28]} {[%emt 00:00:49]} Ba4 {[%clk 00:02:13]} {[%emt 00:00:26]} 27. Rf1
{[%clk 00:07:09]} {[%emt 00:00:50]} Bb5 {[%clk 00:02:02]} {[%emt 00:00:41]} 28.
Qf3 {[%clk 00:06:30]} {[%emt 00:01:09]} Nc6 {[%clk 00:01:28]} {[%emt 00:01:03]}
29. Qxh5 {[%clk 00:06:24]} {[%emt 00:00:37]} Nxa5 {[%emt 00:00:11]} 30. Be4
{[%clk 00:05:23]} {[%emt 00:01:30]} h6 {[%clk 00:01:44]} {[%emt 00:00:34]} 31.
Qf5 {[%clk 00:05:45]} {[%emt 00:00:08]} Qg5 {[%clk 00:01:58]} {[%emt 00:00:16]}
32. Qh7+ {[%clk 00:05:19]} {[%emt 00:00:56]} Kf8 {[%clk 00:02:23]} {[%emt
00:00:05]} 33. Rd5 {[%clk 00:04:45]} {[%emt 00:01:04]} a6 {[%clk 00:02:14]}
{[%emt 00:00:39]} 34. Qh8+ {[%clk 00:04:27]} {[%emt 00:00:48]} Qg8 {[%clk
00:02:23]} {[%emt 00:00:21]} 35. Qxh6+ {[%clk 00:04:45]} {[%emt 00:00:13]} Qg7
{[%clk 00:02:50]} {[%emt 00:00:02]} 36. Qb6 {[%clk 00:01:52]} {[%emt 00:03:22]}
Nb3 {[%clk 00:02:53]} {[%emt 00:00:28]} 37. Rd8 {[%clk 00:01:28]} {[%emt
00:00:54]} Nd4 {[%clk 00:01:08]} {[%emt 00:02:15]} 38. Qd6+ {[%clk 00:01:45]}
{[%emt 00:00:13]} Kg8 {[%clk 00:01:31]} {[%emt 00:00:07]} 39. Rxe8+ {[%clk
00:02:04]} {[%emt 00:00:11]} Bxe8 {[%clk 00:01:58]} {[%emt 00:00:03]} 40. e3
{[%clk 00:01:43]} {[%emt 00:00:50]} Ne2+ {[%clk 00:00:48]} {[%emt 00:01:41]} 41.
Kg2 {[%clk 00:01:03]} {[%emt 00:01:10]} c3 {[%clk 00:27:18]} {[%emt 00:04:00]}
42. Qb8 {[%clk 00:15:53]} {[%emt 00:15:41]} Qf8 {[%clk 00:23:01]} {[%emt
00:04:47]} 43. Qxe5 {[%clk 00:13:12]} {[%emt 00:03:10]} cxb2 {[%clk 00:22:48]}
{[%emt 00:00:43]} 44. Qxb2 {[%clk 00:12:20]} {[%emt 00:01:21]} Bb5 {[%clk
00:23:02]} {[%emt 00:00:16]} 45. Rh1 {[%clk 00:12:21]} {[%emt 00:00:29]} f6
{[%clk 00:23:27]} {[%emt 00:00:05]} 46. Qb3+ {[%clk 00:12:23]} {[%emt
00:00:29]} 1-0

[Event "European Women's Chess Club Cup 2023"]
[Site "Durres, Albania"]
[Date "2023.10.02"]
[Round "2.24"]
[White "Kantane, Anna"]
[Black "Urh, Zala"]
[Result "1-0"]
[TimeControl "90' + 30' & 30\""]
[WhiteElo "2260"]
[BlackElo "2216"]

1. e4 {[%clk 01:30:57]} {[%emt 00:00:02]} e5 {[%clk 01:30:51]} {[%emt
00:00:09]} 2. Nf3 {[%clk 01:31:18]} {[%emt 00:00:09]} Nc6 {[%clk 01:31:15]}
{[%emt 00:00:06]} 3. Bc4 {[%clk 01:31:41]} {[%emt 00:00:07]} Nf6 {[%clk
01:31:22]} {[%emt 00:00:23]} 4. d3 {[%clk 01:31:48]} {[%emt 00:00:23]} Be7
{[%clk 01:31:30]} {[%emt 00:00:22]} 5. Nc3 {[%clk 01:32:02]} {[%emt 00:00:16]}
O-O {[%clk 01:29:58]} {[%emt 00:02:02]} 6. a3 {[%clk 01:31:40]} {[%emt
00:00:52]} d6 {[%clk 01:30:01]} {[%emt 00:00:27]} 7. h3 {[%clk 01:31:27]}
{[%emt 00:00:44]} Be6 {[%clk 01:28:09]} {[%emt 00:02:21]} 8. Nd5 {[%clk
01:31:46]} {[%emt 00:00:11]} Re8 {[%clk 01:25:50]} {[%emt 00:02:49]} 9. O-O
{[%clk 01:27:38]} {[%emt 00:04:38]} h6 {[%clk 01:26:00]} {[%emt 00:00:19]} 10.
Bb3 {[%clk 01:27:20]} {[%emt 00:00:49]} Bf8 {[%clk 01:24:35]} {[%emt 00:01:55]}
11. c4 {[%clk 01:09:09]} {[%emt 00:18:42]} g6 {[%clk 01:15:15]} {[%emt
00:09:49]} 12. Be3 {[%clk 01:02:37]} {[%emt 00:07:01]} Bg7 {[%clk 01:14:47]}
{[%emt 00:01:00]} 13. Qd2 {[%clk 00:55:51]} {[%emt 00:07:15]} Kh7 {[%clk
01:13:12]} {[%emt 00:02:05]} 14. Nxf6+ {[%clk 00:39:16]} {[%emt 00:17:05]} Qxf6
{[%clk 01:12:38]} {[%emt 00:01:04]} 15. Ng5+ {[%clk 00:39:06]} {[%emt
00:00:40]} hxg5 {[%clk 00:48:49]} {[%emt 00:24:20]} 16. Bxg5 {[%clk 00:37:33]}
{[%emt 00:02:02]} Bh6 {[%clk 00:49:16]} {[%emt 00:00:03]} 17. Bxh6 {[%clk
00:37:23]} {[%emt 00:00:41]} Rg8 {[%clk 00:49:37]} {[%emt 00:00:08]} 18. f4
{[%clk 00:26:17]} {[%emt 00:11:36]} Kxh6 {[%clk 00:27:33]} {[%emt 00:22:34]} 19.
fxe5+ {[%clk 00:24:45]} {[%emt 00:02:02]} Qg5 {[%clk 00:27:56]} {[%emt
00:00:06]} 20. Rf4 {[%clk 00:25:02]} {[%emt 00:00:13]} Bg4 {[%clk 00:26:32]}
{[%emt 00:01:54]} 21. h4 {[%clk 00:14:56]} {[%emt 00:10:36]} Qh5 {[%clk
00:25:39]} {[%emt 00:01:22]} 22. Rxg4+ {[%clk 00:13:25]} {[%emt 00:02:02]} Kg7
{[%clk 00:25:09]} {[%emt 00:01:00]} 23. Bd1 {[%clk 00:11:51]} {[%emt 00:02:04]}
Qxe5 {[%clk 00:21:33]} {[%emt 00:04:06]} 24. Be2 {[%clk 00:07:53]} {[%emt
00:04:29]} Qd4+ {[%clk 00:19:47]} {[%emt 00:02:15]} 25. Kh1 {[%clk 00:06:31]}
{[%emt 00:01:52]} Ne5 {[%clk 00:19:56]} {[%emt 00:00:21]} 26. Rf4 {[%clk
00:05:32]} {[%emt 00:01:29]} Rh8 {[%clk 00:15:54]} {[%emt 00:04:32]} 27. g3
{[%clk 00:05:23]} {[%emt 00:00:39]} Rh6 {[%clk 00:04:31]} {[%emt 00:11:53]} 28.
Raf1 {[%clk 00:05:15]} {[%emt 00:00:37]} g5 {[%clk 00:04:20]} {[%emt 00:00:41]}
29. Rf5 {[%clk 00:05:24]} {[%emt 00:00:22]} gxh4 {[%clk 00:04:12]} {[%emt
00:00:38]} 30. Bh5 {[%clk 00:03:25]} {[%emt 00:02:28]} f6 {[%clk 00:03:01]}
{[%emt 00:01:41]} 31. gxh4 {[%clk 00:01:44]} {[%emt 00:02:12]} Rah8 {[%clk
00:02:30]} {[%emt 00:01:01]} 32. Qg2+ {[%clk 00:01:37]} {[%emt 00:00:37]} Rg6
{[%clk 00:02:46]} {[%emt 00:00:15]} 33. Qh2 {[%clk 00:00:49]} {[%emt 00:01:17]}
Qxd3 {[%clk 00:01:03]} {[%emt 00:02:13]} 34. Bxg6 {[%clk 00:00:39]} {[%emt
00:00:40]} Qxe4+ {[%clk 00:01:13]} {[%emt 00:00:19]} 35. R5f3 {[%clk 00:00:35]}
{[%emt 00:00:35]} Nxg6 {[%clk 00:00:39]} {[%emt 00:01:04]} 36. h5 {[%clk
00:00:42]} {[%emt 00:00:22]} Ne5 {[%clk 00:00:32]} {[%emt 00:00:38]} 37. Qg2+
{[%clk 00:00:50]} {[%emt 00:00:22]} Ng4 {[%clk 00:00:53]} {[%emt 00:00:09]} 38.
Rh3 {[%clk 00:00:35]} {[%emt 00:00:45]} Qxc4 {[%clk 00:00:56]} {[%emt
00:00:26]} 39. Rh4 {[%clk 00:00:35]} {[%emt 00:00:31]} f5 {[%clk 00:00:32]}
{[%emt 00:00:55]} 40. Rxf5 {[%clk 00:00:39]} {[%emt 00:00:26]} Qc1+ {[%clk
00:00:31]} {[%emt 00:00:30]} 41. Rf1 {[%clk 00:00:50]} {[%emt 00:00:18]} 1-0